00469nam a22001697a 4500003001100000005001700011008004100028040003900069041000800108082001800116245004200134250001200176260005100188300001600239650002800255700001600283LK-CoMWRAF20240120175011.0240120b1980 |||||||| |||| 00| 0 eng d aLK-CoMWRAFdLK-CoMWRAFeLK-CoMWRAF aeng a016.3054bWOM aWomen in development:bA bibliography a4th ed. aThe Hague:binstitute of Social Studies,c1980 aiii., 76 p. aFEMINISM-Bibliographies aBaas, Ettie